INFOS 2000 zborník z 30. medzinárodného informatického sympózia, ktoré sa konalo v dňoch 3. - 6. apríla 2000 v Starej Lesnej
Saved in:
| Corporate Authors: | , |
|---|---|
| Other Authors: | , |
| Format: | Book |
| Language: | Slovak Czech German English |
| Published: |
Bratislava
Centrum vedecko-technických informácií SR
2000
|
| Subjects: | |
| Tags: |
No Tags, Be the first to tag this record!
|
MARC
| LEADER | 00000nam$a2200000$$$4500 | ||
|---|---|---|---|
| 001 | 0025071 | ||
| 005 | 20240223083942.4 | ||
| 020 | |a 80-81565-80-5 | ||
| 041 | 0 | |a slo | |
| 041 | 0 | |a cze | |
| 041 | 0 | |a ger | |
| 041 | 0 | |a eng | |
| 044 | |a SK | ||
| 245 | 1 | 0 | |a INFOS 2000 |b zborník z 30. medzinárodného informatického sympózia, ktoré sa konalo v dňoch 3. - 6. apríla 2000 v Starej Lesnej |c [zostavili: Alojz Androvič, Eva Nedorostová] |
| 264 | 1 | |a Bratislava |b Centrum vedecko-technických informácií SR |c 2000 | |
| 300 | |a 326 s. | ||
| 610 | 2 | 0 | |a knižnice |
| 610 | 2 | 0 | |a knihoveda |
| 610 | 2 | 0 | |a spoločnosť informačná |
| 610 | 2 | 0 | |a obchod elektronický |
| 610 | 2 | 0 | |a vzdelávanie celoživotné |
| 610 | 2 | 0 | |a vzdelávanie dištančné |
| 610 | 2 | 0 | |a archívy |
| 610 | 2 | 0 | |a digitalizácia |
| 610 | 2 | 0 | |a časopisy |
| 610 | 2 | 0 | |a knihy |
| 610 | 2 | 0 | |a projekty |
| 610 | 2 | 0 | |a katalógy |
| 610 | 2 | 0 | |a plánovanie strategické |
| 610 | 2 | 0 | |a služby informačné |
| 700 | 1 | |a Androvič, Alojz | |
| 700 | 1 | |a Nedorostová, Eva | |
| 110 | 2 | |a INFOS 2000. Medzinárodné informatické sympózium | |
| 710 | 2 | |a Spolok slovenských knihovníkov a knižníc | |